Применение корреляционного метода при поверке индукционных счётчиков; Современные техника и технологии; Т. 1

Dettagli Bibliografici
Parent link:Современные техника и технологии: 13-я Международная научно-практическая конференция студентов, аспирантов и молодых ученых, г. Томск, 26-30 марта 2007 г./ Томский политехнический университет (ТПУ).— , 2007
Т. 1.— 2007.— С. 220-222
Autore principale: Овчинникова К. С.
Altri autori: Цимбалист Э. И. Эдвард Ильич
Lingua:russo
Pubblicazione: 2007
Soggetti:
Natura: MixedMaterials Capitolo di libro
KOHA link:https://koha.lib.tpu.ru/cgi-bin/koha/opac-detail.pl?biblionumber=219073

MARC

LEADER 00000naa2a2200000 4500
001 219073
005 20231031195000.0
035 |a (RuTPU)RU\TPU\book\239111 
090 |a 219073 
100 |a 20120702d2007 k y0rusy50 ca 
101 0 |a rus 
102 |a RU 
200 1 |a Применение корреляционного метода при поверке индукционных счётчиков  |f К. С. Овчинникова, Э. И. Цимбалист 
320 |a Библиогр.: 2 назв. 
461 0 |0 (RuTPU)RU\TPU\book\136926  |t Современные техника и технологии  |o 13-я Международная научно-практическая конференция студентов, аспирантов и молодых ученых, г. Томск, 26-30 марта 2007 г.  |o труды в 3 т.  |f Томский политехнический университет (ТПУ)  |d 2007 
463 0 |0 (RuTPU)RU\TPU\book\168908  |t Т. 1  |v С. 220-222  |d 2007  |p 547 с. 
610 1 |a индукционные счетчики 
610 1 |a поверка 
610 1 |a корреляционный метод 
610 1 |a структурные схемы 
610 1 |a формулы 
610 1 |a оценка погрешности 
610 1 |a труды учёных ТПУ 
700 1 |a Овчинникова  |b К. С. 
701 1 |a Цимбалист  |b Э. И.  |c специалист в области контрольно-измерительной техники  |c доцент Томского политехнического университета, кандидат технических наук  |f 1938-  |g Эдвард Ильич  |2 stltpush  |3 (RuTPU)RU\TPU\pers\30405 
801 1 |a RU  |b 63413507  |c 20120702 
801 2 |a RU  |b 63413507  |c 20160729  |g RCR 
942 |c BK